• 首页
  • 本馆介绍
  • 公告通知
  • 最新文献
  • 馆藏检索
  • 电子资源
  • 读者导购
  • 参考咨询
  • 我的图书馆
  • 登录
  • 详细信息显示
  • 放入我的书架
  • 预约/预借图书
  • 作者相关作品
  • 分类相关作品
  • 丛书相关作品
  • 出版社相关作品

书目信息

  • 表格格式
  • 工作单格式
  • 卡片格式
题名:
当代中国美术家档案
    
 
作者: 郭怡孮 主编 ;吴绪经 绘
分册:   中国画篇
出版信息: 北京   华艺出版社  2005
页数: 313页
开本: 23cm
丛书名:
单 册:
中图分类: J222.7 , K825.72=76
科图分类:
主题词: 美术家--生平事迹--中国--现代 , 美术家 , 中国画 , 中国画--人物画--中国--现代--画册 , 人物画
电子资源:
ISBN: 7-80142-727-0
000 01079nam0 2200301 450
001 002952007
005 20070801172117.28
010    @a7-80142-727-0@dCNY66.00
100    @a20050317d2005 em y0chiy0110 ea
101 0  @achi
102    @aCN@b110000
105    @aa z 000yd
200 1  @a当代中国美术家档案@9dang dai zhong guo mei shu jia dang an@i中国画篇@i吴绪经卷@f郭怡孮主编
210    @a北京@c华艺出版社@d2005
215    @a313页@c图,照片@d23cm
330    @a本书选入了吴绪经先生多年来的主要作品,以及有关画家的一些自传自叙性质的文章及生活写真、艺术年表等,从中可以全方位地展现出画家对丝路风情深入研究的心路历程。
512 1  @a当代中国美术家档案@9dang dai zhong guo mei shu jia dang an@i吴绪经卷
606 0  @a美术家@x生平事迹@y中国@z现代
606 0  @a美术家
606 0  @a中国画
606 0  @a中国画@x人物画@y中国@z现代@j画册
606 0  @a人物画
690    @aJ222.7@v4
690    @aK825.72=76@v4
701  0 @a郭怡孮@9guo yi cong@f(1940~)@4主编
702  0 @a吴绪经@9wu xu jing@f(1945~)@4绘
801  0 @aCN@bNLC@c20070801
905    @a10447@dK825.72=76@e614
    
    当代中国美术家档案.中国画篇.吴绪经卷/郭怡孮主编.-北京:华艺出版社,2005
    313页:图,照片;23cm
    
    
    ISBN 7-80142-727-0:CNY66.00
    本书选入了吴绪经先生多年来的主要作品,以及有关画家的一些自传自叙性质的文章及生活写真、艺术年表等,从中可以全方位地展现出画家对丝路风情深入研究的心路历程。
●
相关链接 在E读中查询图书 在五车中查询图书 在当当中查询图书 在豆瓣中查询图书


正题名:当代中国美术家档案     索取号:K825.72=76/614         预约/预借

序号 登录号 条形码 馆藏地/架位号 状态 备注
1 0800628   208006281   第二样本阅览室/ [索取号:K825.72=76/614] 在馆    
2 0800629   208006290   第二借阅区/ [索取号:K825.72=76/614] 在馆    
3 0800630   208006307   密集书库/ [索取号:K825.72=76/614] 在馆    
4 0800631   208006316   第二借阅区/ [索取号:K825.72=76/614] 在馆    
5 0800632   208006325   第二借阅区/ [索取号:K825.72=76/614] 在馆    
6 0800633   208006334   密集书库/ [索取号:K825.72=76/614] 在馆    
7 0800634   208006343   第二借阅区/ [索取号:K825.72=76/614] 在馆    
8 0800635   208006352   密集书库/ [索取号:K825.72=76/614] 在馆    
9 0800636   208006361   密集书库/ [索取号:K825.72=76/614] 在馆    
10 0800637   208006370   密集书库/ [索取号:K825.72=76/614] 在馆    
唐山师范学院图书馆 欢迎您!
大连网信软件有限公司© 版权所有